[Event "Ambes op 2nd"]
[Site "Ambes"]
[Date "2009.04.12"]
[Round "2"]
[White "Merlet, Francois"]
[Black "Audinette, Floriant"]
[Result "1-0"]
[WhiteElo "1544"]
[BlackElo "1750"]
[PlyCount "63"]
[EventDate "2009.04.11"]
[EventType "swiss"]
[EventRounds "9"]
[EventCountry "FRA"]
[SourceTitle "EXT 2012"]
[Source "ChessBase"]
[SourceDate "2011.11.24"]
[SourceVersion "1"]
[SourceVersionDate "2011.11.24"]
[SourceQuality "1"]

1. d4 Nf6 2. Nf3 e6 3. Bg5 Be7 4. Nbd2 b6 5. e4 Bb7 6. Bd3 c5 7. Bxf6 Bxf6 8. e5 Be7 9. c3 cxd4 10. cxd4 Bb4 11. 0-0 Bxd2 12. Nxd2 0-0 13. Qh5 g6 14. Qg4 d6 15. Be4 Bxe4 16. Nxe4 dxe5 17. dxe5 Nd7 18. Rad1 Nxe5 19. Qg3 Qb8 20. f4 Nc4 21. Nf6+ Kg7 22. Nd7 Qc7 23. Qc3+ Kh6 24. Nxf8 Rxf8 25. Rf3 Qc5+ 26. Kh1 f6 27. Rh3+ Kg7 28. b3 Na5 29. Rd7+ Rf7 30. Qxc5 bxc5 31. Rxf7+ Kxf7 32. Rxh7+ 1-0

[Event "Ambes op 1st"]
[Site "Ambes"]
[Date "2007.04.09"]
[Round "4"]
[White "Audinette, Floriant"]
[Black "Belair, Maxime"]
[Result "1/2-1/2"]
[WhiteElo "1380"]
[BlackElo "1199"]
[PlyCount "98"]
[EventDate "2007.04.07"]
[EventType "swiss"]
[EventRounds "11"]
[EventCountry "FRA"]
[SourceTitle "CBM 117 Extra"]
[Source "ChessBase"]
[SourceDate "2007.05.09"]
[SourceVersion "1"]
[SourceVersionDate "2007.05.09"]
[SourceQuality "1"]

1. c4 c5 2. Nc3 Nc6 3. g3 g6 4. Bg2 Bg7 5. Nf3 e6 6. 0-0 Nge7 7. d3 d5 8. cxd5 exd5 9. Bf4 Bg4 10. Qd2 0-0 11. Bh6 Bxh6 12. Qxh6 Nf5 13. Qg5 Bxf3 14. Qxd8 Raxd8 15. Bxf3 Ncd4 16. Kg2 Nxf3 17. Kxf3 d4 18. Ne4 b6 19. a4 a5 20. g4 Nd6 21. Nf6+ Kg7 22. g5 h6 23. h4 Nf5 24. Rh1 Rd6 25. Ne4 Rc6 26. gxh6+ Kxh6 27. b3 Kh5 28. Ng3+ Nxg3 29. fxg3 Rb8 30. g4+ Kh6 31. Rab1 b5 32. Ke4 Re6+ 33. Kd5 bxa4 34. bxa4 Rxb1 35. Rxb1 Rxe2 36. Kxc5 Rg2 37. g5+ Kh5 38. Kxd4 Rg4+ 39. Kc5 Rxa4 40. d4 Kxh4 41. d5 Re4 42. d6 Re5+ 43. Kc6 Re6 44. Kc7 Rxd6 45. Kxd6 Kxg5 46. Ra1 f5 47. Rxa5 Kg4 48. Ra4+ f4 49. Ke5 g5 1/2-1/2